| 000 | 00361nam a2200133Ia 4500 | ||
|---|---|---|---|
| 008 | 210430s9999 xx 000 0 und d | ||
| 020 | _a235223542355 | ||
| 082 | _a552.5 S4641 A | ||
| 100 | _aRichard C,Selley | ||
| 245 |
_aApplied Sedimentology _cRichard C,Selley |
||
| 260 |
_aIslamabad _bNational Book Foundation _c1939 |
||
| 300 | _a523p | ||
| 942 |
_cBK _2ddc |
||
| 999 |
_c563436 _d563436 |
||